Statistiques concernant Mots à double-genre - 1

Cliquez ici pour prendre le quiz!

Statistiques générales

  • Ce quiz a été pris 316 fois
  • Le résultat moyen est 5 sur 15

Statistiques - réponses

Définition du nom masculinNomDéfinition du nom féminin% Correct
Saleté de virus qui nous pourrit la vie depuis bientôt deux ansCovidMaladie contagieuse et parfois mortelle, provoquant le plus souvent une insuffisance respiratoire majeure
79%
Se tient bien en mainMancheCouvre généralement le bras mais pas la main
63%
Ancien système de chauffagePoêleActuel ustensile de cuisson
61%
Meuble pour écrireSecrétaireEmployé pour écrire
55%
FaçonModeFashion
54%
Divinité champêtre, à moitié animaleFauneTous les animaux
43%
Ne vaut rien à l'équateurParallèleDeux qui ne se rencontreront jamais
32%
Tas de feuillesLivreUnité de masse non reconnue par le Système International
26%
Peux constituer une excuse pour faire son travail à moitiéMi-tempsRécré footeux
24%
Matériau polymèrePlastiqueSilhouette d'une personne
16%
Etoffe plus ou moins opaqueVoileEtoffe dans le vent
16%
Garnement dans l'eauMousseGarniture pleine d'air
12%
Pages d'écriture, souvent estudiantinesMémoireStock d'information qui vieillit mal
10%
Contenant pour des organes de la reproduction sexuée des plantes supérieuresVaseFond de cours
3%
Produit de l'UniversitéPonteProduit de la ferme
1%

Distribution des résultats

Percentile par nombre de réponses

% des personnes avec chaque résultat

Votre développement - résultats

Vous n’avez pas pris ce quiz